| 000 | 01014nam a22003377a 4500 | ||
|---|---|---|---|
| 001 | 0036489 | ||
| 003 | KOHA_MİRAKIL | ||
| 005 | 20260207003009.0 | ||
| 007 | ta | ||
| 008 | 120518b2011 tu a|||gr||||#0|||0|tur | | ||
| 020 | _a9786054205615 | ||
| 040 |
_aTR-BiSEU _btur _cTR-BiSEU _erda |
||
| 041 | 0 | _atur | |
| 044 | _ctu | ||
| 050 |
_aQA76.76.A35 _bA83 2011 |
||
| 100 | 1 | _aAtasever, Volkan. | |
| 245 | 1 |
_aWindows phone 7 & 7.5 MANGO/ _cVolkan Atasever ; Volkan Atasever. |
|
| 264 | 1 |
_aİstanbul : _bKodlab _c2011 |
|
| 300 | _axii, 300 sayfa: resimli; 25 cm. | ||
| 336 |
_ametin _btxt _2rdacontent |
||
| 337 |
_aaracısız _bn _2rdamedia |
||
| 338 |
_acilt _bnc _2rdacarrier |
||
| 490 | 1 |
_aKodlab ; _v65. |
|
| 650 | 0 |
_aAkıllı Cep Telefonu--Proglamalama. _969155 |
|
| 650 | 0 |
_aCep Bilgisayarı--Proglamlama. _969156 |
|
| 650 | 0 |
_aSmartphones--Programming. _963408 |
|
| 650 | 0 |
_aMobile computing--Programming. _969157 |
|
| 830 | 1 |
_aKodlab ; _v65. _963243 |
|
| 907 | _aBilgisayar | ||
| 942 |
_2lcc _cBK |
||
| 999 |
_c36384 _d36384 |
||